| 000 | 00854nam a22002177a 4500 | ||
|---|---|---|---|
| 999 |
_c19594 _d19594 |
||
| 003 | AR-CdUCM | ||
| 008 | 190518b ||||| |||| 00| 0 spa d | ||
| 040 |
_aMUNICIPALIDAD PROVINCIAL DEL CUSCO _cBIBLIOTECA MUNICIPAL DEL CUSCO |
||
| 082 |
_a571 / _bM45 |
||
| 245 | _aSobre el método y los objetivos de la arqueología / | ||
| 260 |
_aLima : _bNueva educación, _c1974. |
||
| 300 |
_a240 paginas ; _c22 cm. |
||
| 505 | _aContenido :Sobre el método y los objetivos de la arqueología -- Sobre el concepto de cultura -- La cuestión del método -- El estudio de las fuerzas productivas -- Relaciones de producción... | ||
| 650 |
_aLa propiedad y sus formas _941024 |
||
| 650 |
_aArqueología _9371 |
||
| 650 |
_aIconografia _9654 |
||
| 650 |
_aInstrumentos _98778 |
||
| 650 |
_aVestigios _941025 |
||
| 942 |
_2ddc _cLIBROS |
||
| 945 |
_awnts _d2019-05-18 |
||